[Event "Brescia Province-ch"]
[Site "Provaglio"]
[Date "2012.03.30"]
[Round "5"]
[White "Bettoni, Davide"]
[Black "Sbernini, Daniele"]
[Result "1/2-1/2"]
[WhiteElo "1593"]
[BlackElo "1635"]
[PlyCount "73"]
[EventDate "2012.03.02"]
[EventType "swiss"]
[EventRounds "8"]
[EventCountry "ITA"]
[SourceTitle "EXT 2024"]
[Source "ChessBase"]
[SourceDate "2023.10.10"]
[SourceVersion "1"]
[SourceVersionDate "2023.10.10"]
[SourceQuality "1"]

1. d4 d5 2. c4 e6 3. Nc3 Nf6 4. Nf3 c5 5. e3 Nc6 6. Be2 Be7 7. 0-0 0-0 8. a3 dxc4 9. Bxc4 cxd4 10. Nxd4 Nxd4 11. Qxd4 Qxd4 12. exd4 Rd8 13. Rd1 a6 14. Bf4 b5 15. Bb3 Bb7 16. Bg5 h6 17. Bh4 Rd7 18. Ne2 Rad8 19. Rac1 g5 20. Bg3 Nd5 21. Be5 f6 22. Bg3 Bd6 23. Rd3 Kg7 24. Re1 Bxg3 25. Rxg3 Rd6 26. f4 Ne7 27. fxg5 hxg5 28. Nf4 Nf5 29. Nxe6+ Rxe6 30. Rxe6 Nxg3 31. hxg3 Rd7 32. Kf2 Kg6 33. Ke3 Kf5 34. Re8 Rd6 35. Bc2+ Kg4 36. Bd1+ Kxg3 37. Bf3 1/2-1/2